Weird Romania Names Places - Statistics

General Stats
  • This quiz has been taken 13 times
  • The average score is 9 of 14
Answer Stats
Hint Answer % Correct
8th planet in the solar system (no e at the end because it's Romanian) Neptun
90%
6th planet in the solar system Saturn
90%
2nd planet in the solar system Venus
90%
Second day in the 5th month (in Romanian) 2 Mai
80%
guardians in Romanian Eforie
80%
Northern Ephoria in Romanian Eforie Nord
80%
Ephoria South in Romanian Eforie Sud
80%
5th planet in the solar system Jupiter
80%
Olympus in Romanian Olimp
80%
23rd day in the 8th month 23 August
70%
Old Customs in Romanian Vama Veche
50%
mangalore in Romanian Mangalia
30%
You cost in Romanian Costinesti
20%
Hermitage in Romanian Schitu
10%
No matching quizzes found
Score Distribution
Percent of People with Each Score
Percentile by Number Answered
Your Score History
You have not taken this quiz